[Event "Rilton Cup 51st"]
[Site "Stockholm"]
[Date "2023.12.28"]
[Round "2"]
[White "Del Rey, Diego"]
[Black "De Boer, Bas"]
[Result "1/2-1/2"]
[WhiteElo "2302"]
[BlackElo "2204"]
[PlyCount "56"]
[EventDate "2023.12.27"]
[EventType "swiss"]
[EventRounds "9"]
[EventCountry "SWE"]
[SourceTitle "CB02_2024"]
[SourceDate "2024.01.10"]
[SourceVersion "1"]
[SourceVersionDate "2024.01.10"]
[SourceQuality "1"]

1. Nf3 d5 2. g3 c5 3. Bg2 Nc6 4. 0-0 e5 5. d3 Bd6 6. Nc3 Nge7 7. Nd2 Be6 8. e4 d4 9. Nd5 0-0 10. c4 dxc3 11. bxc3 Rc8 12. f4 exf4 13. gxf4 f5 14. c4 Nd4 15. Nb3 Nec6 16. e5 Be7 17. Be3 Nxb3 18. Qxb3 b6 19. a4 Qd7 20. Qb5 Rfd8 21. Rfd1 Bf8 22. Bf2 Kh8 23. Kh1 Bf7 24. Bh4 Be7 25. Nxe7 Nxe7 26. Qb2 Re8 27. a5 Ng6 28. Bf2 bxa5 1/2-1/2

[Event "Calvia Amateur op 20th"]
[Site "Calvia"]
[Date "2023.10.13"]
[Round "7"]
[White "De Boer, Bas"]
[Black "Viskelis, Darius"]
[Result "1/2-1/2"]
[WhiteElo "2194"]
[BlackElo "2152"]
[PlyCount "63"]
[EventDate "2023.10.07"]
[EventType "swiss"]
[EventRounds "9"]
[EventCountry "ESP"]
[SourceTitle "Mega2024 Update 01"]
[Source "Chessbase"]
[SourceDate "2023.11.12"]
[SourceVersion "1"]
[SourceVersionDate "2023.11.12"]
[SourceQuality "1"]

1. d4 d5 2. c4 e6 3. Nf3 c5 4. cxd5 exd5 5. g3 Nc6 6. Bg2 Nf6 7. 0-0 Be6 8. Nc3 h6 9. b3 Be7 10. dxc5 Bxc5 11. Bb2 0-0 12. Rc1 Be7 13. Nd4 Nxd4 14. Qxd4 Qa5 15. Rfd1 Ba3 16. Bxa3 Qxa3 17. Rc2 Rfc8 18. Rcd2 Qc5 19. Qxc5 Rxc5 20. Nxd5 Nxd5 21. Bxd5 Bxd5 22. Rxd5 Rc2 23. Rd8+ Rxd8 24. Rxd8+ Kh7 25. a4 Rxe2 26. Rd7 b6 27. Rxa7 Rb2 28. Rb7 Rxb3 29. a5 b5 30. Kf1 b4 31. Ke2 Ra3 32. Rxb4 1/2-1/2

[Event "Calvia Amateur op 20th"]
[Site "Calvia"]
[Date "2023.10.07"]
[Round "1"]
[White "De Boer, Bas"]
[Black "Moore, John"]
[Result "1-0"]
[WhiteElo "2194"]
[BlackElo "1731"]
[PlyCount "89"]
[EventDate "2023.10.07"]
[EventType "swiss"]
[EventRounds "9"]
[EventCountry "ESP"]
[SourceTitle "Mega2024 Update 01"]
[Source "Chessbase"]
[SourceDate "2023.11.12"]
[SourceVersion "1"]
[SourceVersionDate "2023.11.12"]
[SourceQuality "1"]

1. d4 d5 2. c4 e6 3. Nf3 Nf6 4. g3 dxc4 5. Bg2 Nc6 6. 0-0 Be7 7. Qa4 0-0 8. Qxc4 Re8 9. Nc3 Nd5 10. e4 Nxc3 11. bxc3 a6 12. h4 Na5 13. Qd3 c5 14. e5 cxd4 15. Nxd4 Nc6 16. Qe3 Nxd4 17. cxd4 Rb8 18. Bd2 Bd7 19. Rfc1 Qb6 20. Rab1 Qd8 21. Rxb7 Rxb7 22. Bxb7 Qb6 23. Be4 Bb5 24. Qc3 Rd8 25. Be3 Qb8 26. Bc2 g6 27. Be4 Be2 28. Qc2 Bb5 29. h5 Kg7 30. h6+ Kg8 31. Rb1 Qc8 32. Qd2 f5 33. exf6 Bxf6 34. Rc1 Qd7 35. Bg5 Bxg5 36. Qxg5 Qxd4 37. Rc7 Qd1+ 38. Kh2 Qh5+ 39. Qxh5 gxh5 40. Bxh7+ Kf8 41. Bg6 Kg8 42. Bxh5 Rd2 43. Kg2 Rxa2 44. Bg6 Kf8 45. h7 1-0

[Event "Bruges Masters op"]
[Site "Bruges"]
[Date "2023.08.15"]
[Round "5"]
[White "Bogner, Sebastian"]
[Black "De Boer, Bas"]
[Result "1-0"]
[WhiteElo "2537"]
[BlackElo "2155"]
[PlyCount "95"]
[EventDate "2023.08.12"]
[EventType "swiss"]
[EventRounds "9"]
[EventCountry "BEL"]
[SourceTitle "CBM 215 Extra"]
[Source "ChessBase"]
[SourceDate "2023.09.30"]
[SourceVersion "1"]
[SourceVersionDate "2023.09.30"]
[SourceQuality "1"]

1. c4 Nf6 2. Nf3 e6 3. g3 d5 4. Bg2 Be7 5. 0-0 0-0 6. b3 d4 7. e3 Nc6 8. exd4 Nxd4 9. Bb2 Bc5 10. Na3 e5 11. Nc2 Nxf3+ 12. Bxf3 Re8 13. Re1 Bd6 14. d4 e4 15. Bg2 c6 16. d5 Bg4 17. Qd2 cxd5 18. Bxf6 Qxf6 19. Qxd5 Rad8 20. Ne3 Bc8 21. Qa5 Be5 22. Rac1 b6 23. Qa4 Bd4 24. b4 Bd7 25. Qxa7 Bc6 26. b5 Re7 27. Qa4 Bb7 28. Qc2 h5 29. Re2 Red7 30. Rf1 Qe5 31. Bh3 Rc7 32. Rd1 Rf8 33. Qd2 Bxe3 34. Qxe3 Qc5 35. Rd4 f5 36. Red2 Qe5 37. Bf1 f4 38. gxf4 Rxf4 39. Bg2 Rcf7 40. Qg3 Qf6 41. Rd8+ Kh7 42. R8d6 Qf5 43. Bh3 Qe5 44. Qg6+ Kg8 45. Be6 Kh8 46. Bxf7 Rg4+ 47. Qxg4 hxg4 48. Bg6 1-0

[Event "Maastricht Limburg op 15th"]
[Site "Maastricht"]
[Date "2023.05.27"]
[Round "3"]
[White "De Boer, Bas"]
[Black "Fischer, Daniel1111"]
[Result "1/2-1/2"]
[WhiteElo "2192"]
[BlackElo "2383"]
[PlyCount "83"]
[EventDate "2023.05.26"]
[EventType "swiss"]
[EventRounds "7"]
[EventCountry "NED"]
[SourceTitle "CBM 214 Extra"]
[Source "ChessBase"]
[SourceDate "2023.07.31"]
[SourceVersion "1"]
[SourceVersionDate "2023.07.31"]
[SourceQuality "1"]

1. d4 Nf6 2. c4 e6 3. Nf3 d5 4. g3 Bb4+ 5. Bd2 Be7 6. Bg2 0-0 7. Qc2 c6 8. 0-0 Nbd7 9. b3 b6 10. a4 Ba6 11. Rc1 h6 12. Na3 Ne4 13. Be1 Rc8 14. e3 Bd6 15. b4 Qe7 16. Qb2 Bb7 17. Ne5 Bb8 18. Nd3 Ba6 19. b5 Bb7 20. bxc6 Bxc6 21. cxd5 Bxd5 22. Nb4 Bb7 23. f3 Nef6 24. e4 e5 25. d5 Nc5 26. Nc4 Nfd7 27. a5 b5 28. Ne3 a6 29. Nf5 Qd8 30. Qa3 Kh7 31. Bd2 h5 32. Bh3 Qf6 33. Qe3 Rfe8 34. Kh1 Kg8 35. Rab1 g6 36. Nh6+ Kg7 37. g4 hxg4 38. Nxg4 Qh4 39. Nf2 Rh8 40. Kg1 Bd6 41. Qg5 Qxg5+ 42. Bxg5 1/2-1/2

[Event "Krakow op-A 33rd"]
[Site "Krakow"]
[Date "2022.12.31"]
[Round "5"]
[White "Pasti, Aron"]
[Black "De Boer, Bas"]
[Result "1/2-1/2"]
[WhiteElo "2374"]
[BlackElo "2182"]
[PlyCount "117"]
[EventDate "2022.12.27"]
[EventType "swiss"]
[EventRounds "9"]
[EventCountry "POL"]
[SourceTitle "CBM 212 Extra"]
[Source "ChessBase"]
[SourceDate "2023.03.31"]
[SourceVersion "1"]
[SourceVersionDate "2023.03.31"]
[SourceQuality "1"]

1. e4 c5 2. Nf3 d6 3. d4 cxd4 4. Nxd4 Nf6 5. Nc3 Nc6 6. Bg5 Bd7 7. Qd2 a6 8. 0-0-0 e6 9. f4 Be7 10. Nf3 b5 11. a3 b4 12. axb4 Nxb4 13. Bc4 Rc8 14. Bb3 h6 15. Bxf6 gxf6 16. f5 e5 17. Nd5 Nxd5 18. Qxd5 Rh7 19. Qd2 Rc5 20. Kb1 Bc6 21. Qe3 Qa8 22. Nd2 a5 23. Nc4 Qb8 24. Qf3 a4 25. Ba2 Kf8 26. g4 Qb7 27. Rhe1 d5 28. exd5 Bxd5 29. Qd3 Rb5 30. Ka1 Bxc4 31. Qxc4 Rxb2 32. Qxa4 Rb4 33. Qd7 Qxd7 34. Rxd7 h5 35. c3 Rb8 36. g5 fxg5 37. Rxe5 Bf6 38. Rc5 Ke8 39. Ra7 Be7 40. Rcc7 f6 41. Bc4 g4 42. Be2 Rg7 43. c4 Kf8 44. c5 Bxc5 45. Rxg7 Bd4+ 46. Ka2 Rb2+ 47. Ka3 Bxa7 48. Kxb2 Kxg7 49. Kc2 Kh6 50. Kd3 Kg5 51. Ke4 Bg1 52. h3 gxh3 53. Kf3 Kxf5 54. Kg3 h2 55. Kg2 h4 56. Bd3+ Kf4 57. Kh1 f5 58. Bxf5 Kxf5 59. Kg2 1/2-1/2

[Event "Krakow op-A 33rd"]
[Site "Krakow"]
[Date "2022.12.28"]
[Round "2"]
[White "De Boer, Bas"]
[Black "Jarmula, Lukasz"]
[Result "0-1"]
[WhiteElo "2182"]
[BlackElo "2469"]
[PlyCount "88"]
[EventDate "2022.12.27"]
[EventType "swiss"]
[EventRounds "9"]
[EventCountry "POL"]
[SourceTitle "CBM 212 Extra"]
[Source "ChessBase"]
[SourceDate "2023.03.31"]
[SourceVersion "1"]
[SourceVersionDate "2023.03.31"]
[SourceQuality "1"]

1. d4 b6 2. e4 Bb7 3. Bd3 d6 4. Nf3 Nd7 5. 0-0 e5 6. Nc3 Ngf6 7. Re1 g6 8. dxe5 dxe5 9. Bg5 Bg7 10. Qe2 0-0 11. Rad1 c6 12. Ba6 Qc8 13. Bxb7 Qxb7 14. Rd6 Nh5 15. Qc4 Rac8 16. a4 a6 17. Be3 Rfe8 18. Red1 b5 19. axb5 axb5 20. Qb3 Nf8 21. Na4 Qe7 22. Nc5 Nf4 23. R6d2 Rcd8 24. c3 h6 25. g3 N4e6 26. Nd3 Qc7 27. Nb4 Rxd2 28. Rxd2 Nd7 29. Qd1 Ndc5 30. Qc2 Rf8 31. Rd1 Kh7 32. Nh4 Bf6 33. Nf5 Bg5 34. Bxc5 Nxc5 35. Nh4 Bxh4 36. gxh4 Qe7 37. Nxc6 Qe6 38. b4 Qg4+ 39. Kf1 Nxe4 40. Nxe5 Qf5 41. Nd3 Rc8 42. Ne1 Rxc3 43. Qe2 Rh3 44. Rd4 Rxh2 0-1

[Event "Dieren op"]
[Site "Dieren"]
[Date "2022.08.03"]
[Round "8"]
[White "Kohler, Aran"]
[Black "De Boer, Bas"]
[Result "0-1"]
[WhiteElo "2121"]
[BlackElo "2136"]
[PlyCount "108"]
[EventDate "2022.07.26"]
[EventType "swiss"]
[EventRounds "9"]
[EventCountry "NED"]
[SourceTitle "CBM 209 Extra"]
[Source "ChessBase"]
[SourceDate "2022.09.30"]
[SourceVersion "1"]
[SourceVersionDate "2022.09.30"]
[SourceQuality "1"]

1. d4 d5 2. Bf4 c5 3. e3 cxd4 4. Bxb8 Qa5+ 5. c3 Rxb8 6. exd4 Nf6 7. Bd3 g6 8. Nd2 Bg7 9. Ngf3 0-0 10. Ne5 Qc7 11. g4 b5 12. h4 Nd7 13. Nxd7 Bxd7 14. Qf3 e5 15. dxe5 Qxe5+ 16. Kf1 b4 17. Re1 Qf6 18. Re3 Qxf3 19. Nxf3 bxc3 20. bxc3 Bxg4 21. Ne5 Bxe5 22. Rxe5 Rb2 23. Kg2 Rd2 24. Rxd5 Bf5 25. Rxf5 gxf5 26. Bxf5 Rxa2 27. Rc1 Ra5 28. Be4 Rc5 29. c4 Rd8 30. f3 f5 31. Bb7 Kg7 32. Kf2 Rd4 33. Bd5 Rxh4 34. Ke3 a5 35. f4 Rc7 36. Rg1+ Rg4 37. Ra1 Ra7 38. Ra4 h5 39. c5 Kf6 40. c6 Rgg7 41. Kd4 h4 42. Kc5 h3 43. Ra2 a4 44. Re2 Rge7 45. Rh2 a3 46. Kd6 Rh7 47. Re2 Kg6 48. Rh2 Rh8 49. c7 Rc8 50. Rxh3 Rcxc7 51. Ke5 Re7+ 52. Kd6 Red7+ 53. Ke6 Rxd5 54. Rg3+ Kh6 0-1

[Event "Dieren op"]
[Site "Dieren"]
[Date "2022.08.02"]
[Round "7"]
[White "De Boer, Bas"]
[Black "Vogel, Jaap"]
[Result "1/2-1/2"]
[WhiteElo "2136"]
[BlackElo "2147"]
[PlyCount "74"]
[EventDate "2022.07.26"]
[EventType "swiss"]
[EventRounds "9"]
[EventCountry "NED"]
[SourceTitle "CBM 209 Extra"]
[Source "ChessBase"]
[SourceDate "2022.09.30"]
[SourceVersion "1"]
[SourceVersionDate "2022.09.30"]
[SourceQuality "1"]

1. d4 e6 2. c4 d5 3. Nf3 c6 4. g3 Bb4+ 5. Bd2 Be7 6. Qc2 Nf6 7. Bg2 Nbd7 8. 0-0 b6 9. Nc3 Ba6 10. cxd5 cxd5 11. Bf4 0-0 12. Qa4 Qc8 13. Rfc1 Qb7 14. e4 Rac8 15. Ne5 b5 16. Qd1 b4 17. exd5 exd5 18. Na4 Rxc1 19. Rxc1 Rc8 20. Nxd7 Qxd7 21. Nc5 Qb5 22. Bg5 Bxc5 23. dxc5 Rxc5 24. Rxc5 Qxc5 25. Bxf6 gxf6 26. Bxd5 Kf8 27. Be4 h6 28. h4 Bc8 29. Qd2 Kg7 30. Qc2 Qe7 31. Qe2 Qd6 32. Kg2 Be6 33. b3 Bd5 34. Qg4+ Kf8 35. Qc8+ Kg7 36. Qg4+ Kf8 37. Qc8+ Kg7 1/2-1/2

[Event "Maastricht Limburg op 14th"]
[Site "Maastricht"]
[Date "2022.06.05"]
[Round "5"]
[White "Suvorov, Alexander David"]
[Black "De Boer, Bas"]
[Result "1/2-1/2"]
[WhiteElo "2348"]
[BlackElo "2115"]
[PlyCount "34"]
[EventDate "2022.06.03"]
[EventType "swiss"]
[EventRounds "7"]
[EventCountry "NED"]
[SourceTitle "CBM 208 Extra"]
[Source "ChessBase"]
[SourceDate "2022.07.31"]
[SourceVersion "1"]
[SourceVersionDate "2022.07.31"]
[SourceQuality "1"]

1. d4 d5 2. c4 e6 3. Nc3 a6 4. cxd5 exd5 5. Bf4 Nf6 6. e3 c5 7. dxc5 Bxc5 8. Nf3 Nc6 9. Be2 0-0 10. 0-0 d4 11. exd4 Nxd4 12. Nxd4 Bxd4 13. Bf3 Qb6 14. Qb3 Qxb3 15. axb3 Bg4 16. Bxb7 Ra7 17. Bc6 Rc8 1/2-1/2

[Event "Bremen Silvester op"]
[Site "Bremen"]
[Date "2021.12.28"]
[Round "3"]
[White "De Boer, Bas"]
[Black "Colbow, Collin"]
[Result "0-1"]
[WhiteElo "2148"]
[BlackElo "2322"]
[PlyCount "44"]
[EventDate "2021.12.21"]
[EventType "swiss"]
[EventRounds "7"]
[EventCountry "GER"]
[SourceTitle "CBM 205 Extra"]
[Source "ChessBase"]
[SourceDate "2022.01.31"]
[SourceVersion "1"]
[SourceVersionDate "2022.01.31"]
[SourceQuality "1"]

1. d4 Nf6 2. c4 e6 3. Nc3 Bb4 4. Qc2 0-0 5. e4 d6 6. Bd2 c5 7. d5 exd5 8. exd5 Re8+ 9. Be2 Bxc3 10. Bxc3 Ne4 11. Kf1 Nxc3 12. bxc3 Qf6 13. Bd3 g6 14. Rb1 Nd7 15. Nf3 b6 16. h4 h5 17. Kg1 Ne5 18. Nxe5 Rxe5 19. a4 Bd7 20. g3 Rae8 21. Kg2 Bg4 22. Rh2 Re2 0-1

[Event "Spilimbergo op 19th"]
[Site "Spilimbergo"]
[Date "2021.08.09"]
[Round "1"]
[White "De Boer, Bas"]
[Black "Sonis, Francesco"]
[Result "0-1"]
[WhiteElo "2163"]
[BlackElo "2508"]
[PlyCount "74"]
[EventDate "2021.08.09"]
[EventType "swiss"]
[EventRounds "9"]
[EventCountry "ITA"]
[SourceTitle "CBM 203 Extra"]
[Source "ChessBase"]
[SourceDate "2021.09.30"]
[SourceVersion "1"]
[SourceVersionDate "2021.09.30"]
[SourceQuality "1"]

1. Nf3 d5 2. e3 Nf6 3. c4 e6 4. Nc3 b6 5. b3 Bb7 6. Bb2 Nbd7 7. cxd5 exd5 8. Be2 a6 9. 0-0 g6 10. Rc1 Bd6 11. Rc2 0-0 12. d3 Re8 13. h3 Qe7 14. Qa1 Ne5 15. Nb1 Nxf3+ 16. Bxf3 Nd7 17. d4 Nf6 18. Nd2 c6 19. a3 a5 20. Rfc1 h5 21. Re1 Qe6 22. e4 dxe4 23. d5 Qxd5 24. Be2 Nd7 25. Nc4 Bc7 26. Rd1 Qe6 27. Rcd2 e3 28. fxe3 Re7 29. Rd6 Bxd6 30. Rxd6 Qf5 31. Bd3 Qg5 32. Bh8 Qh6 33. Bd4 c5 34. Rxd7 Rxd7 35. Nxb6 Rxd4 36. exd4 Qe3+ 37. Kh2 h4 0-1

[Event "Belgrade Serbia op"]
[Site "Belgrade"]
[Date "2021.07.06"]
[Round "7"]
[White "Bodiroga, Predrag"]
[Black "De Boer, Bas"]
[Result "1-0"]
[WhiteElo "2316"]
[BlackElo "2143"]
[PlyCount "87"]
[EventDate "2021.07.02"]
[EventType "swiss"]
[EventRounds "9"]
[EventCountry "SRB"]
[SourceTitle "EXT 2022"]
[Source "ChessBase"]
[SourceDate "2021.10.06"]
[SourceVersion "1"]
[SourceVersionDate "2021.10.06"]
[SourceQuality "1"]

1. c4 c6 2. Nc3 d5 3. e3 Nf6 4. d4 e6 5. b3 Nbd7 6. Bb2 Bd6 7. Nf3 0-0 8. Be2 e5 9. dxe5 Nxe5 10. cxd5 cxd5 11. 0-0 Ng6 12. Rc1 a6 13. Qd4 Be6 14. Na4 b5 15. Nc5 Qe7 16. b4 Bg4 17. Nd3 Rfc8 18. h3 Rc4 19. Rxc4 dxc4 20. hxg4 cxd3 21. Qxd3 Nxg4 22. Qf5 Nh6 23. Qh5 Rc8 24. Bd3 Bxb4 25. g4 Rc5 26. g5 Nf5 27. Bxf5 Rxf5 28. Qg4 Rd5 29. Rc1 Nf8 30. Rc8 Ba5 31. Bd4 Qd7 32. Qxd7 Rxd7 33. Ra8 Rd8 34. Rxa6 Bc7 35. Ne5 Bxe5 36. Bxe5 Ne6 37. f4 h6 38. g6 Re8 39. gxf7+ Kxf7 40. Ra5 Re7 41. Rxb5 Ra7 42. Rb2 g5 43. f5 Nd8 44. Bd4 1-0

[Event "Belgrade Serbia op"]
[Site "Belgrade"]
[Date "2021.07.04"]
[Round "4"]
[White "De Boer, Bas"]
[Black "Irizanin, Radoje"]
[Result "0-1"]
[WhiteElo "2143"]
[BlackElo "2330"]
[PlyCount "54"]
[EventDate "2021.07.02"]
[EventType "swiss"]
[EventRounds "9"]
[EventCountry "SRB"]
[SourceTitle "CBM 203 Extra"]
[Source "ChessBase"]
[SourceDate "2021.09.30"]
[SourceVersion "1"]
[SourceVersionDate "2021.09.30"]
[SourceQuality "1"]

1. d4 d5 2. c4 c6 3. Nc3 Nf6 4. Nf3 e6 5. e3 Nbd7 6. Qc2 Bd6 7. Bd3 0-0 8. 0-0 dxc4 9. Bxc4 b5 10. Be2 Bb7 11. Rd1 Qc7 12. e4 e5 13. Bg5 exd4 14. Rxd4 Ne5 15. g3 Bc5 16. Rd2 Nfg4 17. Kg2 Bxf2 18. Nxe5 Qxe5 19. Bf4 Ne3+ 20. Kxf2 Nxc2 21. Bxe5 Nxa1 22. Bd3 Rad8 23. Rd1 b4 24. Na4 Ba6 25. Nc5 Bxd3 26. Bc7 Rd4 27. Ke3 Nc2+ 0-1

[Event "Hastings Masters op 95th"]
[Site "Hastings"]
[Date "2020.01.01"]
[Round "5"]
[White "Chapman, Matt"]
[Black "De Boer, Bas"]
[Result "1/2-1/2"]
[WhiteElo "1937"]
[BlackElo "2138"]
[PlyCount "48"]
[EventDate "2019.12.28"]
[EventType "swiss"]
[EventRounds "9"]
[EventCountry "ENG"]
[SourceTitle "CBM 194 Extra"]
[Source "ChessBase"]
[SourceDate "2020.03.31"]
[SourceVersion "1"]
[SourceVersionDate "2020.03.31"]
[SourceQuality "1"]

1. d4 d5 2. Bf4 c5 3. e3 cxd4 4. exd4 Nc6 5. c3 Bf5 6. Nd2 e6 7. Qb3 Qd7 8. Ngf3 f6 9. h4 Nh6 10. Be2 Nf7 11. c4 dxc4 12. Nxc4 Bb4+ 13. Kf1 0-0 14. Rd1 Be4 15. Ne3 Rfd8 16. Bc4 Bd5 17. Bxd5 exd5 18. g3 Bf8 19. Rc1 Rac8 20. Kg2 Nh8 21. h5 Qf7 22. Nf5 Qd7 23. Ne3 Qf7 24. Nf5 Qd7 1/2-1/2

[Event "Hastings Masters op 95th"]
[Site "Hastings"]
[Date "2019.12.28"]
[Round "1"]
[White "Wadsworth, Matthew J"]
[Black "De Boer, Bas"]
[Result "1-0"]
[WhiteElo "2401"]
[BlackElo "2138"]
[PlyCount "51"]
[EventDate "2019.12.28"]
[EventType "swiss"]
[EventRounds "9"]
[EventCountry "ENG"]
[SourceTitle "CBM 194 Extra"]
[Source "ChessBase"]
[SourceDate "2020.03.31"]
[SourceVersion "1"]
[SourceVersionDate "2020.03.31"]
[SourceQuality "1"]

1. Nf3 d5 2. g3 Nf6 3. Bg2 c6 4. c4 dxc4 5. 0-0 Nbd7 6. Qc2 Nb6 7. Na3 Be6 8. Ng5 Qd7 9. Nxe6 Qxe6 10. e4 g6 11. b3 cxb3 12. axb3 Bg7 13. Bb2 0-0 14. d4 Rfd8 15. Nc4 Ne8 16. Rfd1 Nd6 17. Na5 Qd7 18. Rd2 f5 19. e5 Nb5 20. Nxb7 Nxd4 21. Bxd4 Qxb7 22. Bxc6 Qc8 23. Bxa8 Qxc2 24. Rxc2 Rxd4 25. Rxa7 Bxe5 26. Rxe7 1-0

[Event "Hoogeveen op 23rd"]
[Site "Hoogeveen"]
[Date "2019.10.23"]
[Round "6"]
[White "De Boer, Bas"]
[Black "Emans, Job"]
[Result "0-1"]
[WhiteElo "2142"]
[BlackElo "2028"]
[PlyCount "68"]
[EventDate "2019.10.19"]
[EventType "swiss"]
[EventRounds "9"]
[EventCountry "NED"]
[SourceTitle "CBM 192 Extra"]
[Source "Chessbase"]
[SourceDate "2019.11.06"]
[SourceVersion "1"]
[SourceVersionDate "2019.11.06"]
[SourceQuality "1"]

1. Nf3 Nf6 2. c4 e6 3. Nc3 d5 4. e3 Be7 5. b3 0-0 6. Bb2 c5 7. cxd5 exd5 8. d4 Nc6 9. Be2 Re8 10. dxc5 Bxc5 11. 0-0 Bg4 12. Rc1 Bb6 13. Nb5 Ne4 14. Nbd4 Qd6 15. Nxc6 bxc6 16. Nd4 Bd7 17. Bg4 Bc7 18. g3 c5 19. Nf5 Qg6 20. Nh6+ Qxh6 21. Bxd7 Re7 22. Bf5 Rd8 23. Rc2 Qg5 24. Qg4 Qxg4 25. Bxg4 d4 26. exd4 cxd4 27. Rd1 d3 28. Rc4 Bb6 29. Ba3 Re5 30. Rc6 Nxf2 31. Rxb6 Nxd1 32. Rb7 Re1+ 33. Kg2 Ne3+ 34. Kf2 Nxg4+ 0-1